1000 ejercicios y juegos aplicados a las actividades corporales de expresión

Guardat en:
Dades bibliogràfiques
Autors principals: Mateu Serra, Mercè (autora), Durán Delgado, Conxita (Autor), Troguet Taull, Margarida (Autor)
Format: Llibre
Idioma:espanyol
Publicat: Barcelona Paidotribo 1997
Edició:3a. ed
Col·lecció:Colección Deporte
Matèries:
Etiquetes: Afegir etiqueta
Sense etiquetes, Sigues el primer a etiquetar aquest registre!

MARC

LEADER 00000nam a2200000 a 4500
001 UCQ1389
003 CL-VaPUC
008 980710e19970000SP |||||||||||||||||spa|d
082 0 4 |a 796.41  |b MAT  |2 21 
100 |a Mateu Serra, Mercè  |e autora  |9 533277 
700 0 |a Durán Delgado, Conxita  |e author  |9 415149 
700 0 |a Troguet Taull, Margarida  |e author  |9 415150 
245 1 0 |a 1000 ejercicios y juegos aplicados a las actividades corporales de expresión 
250 |a 3a. ed 
300 |a 2 v 
942 |c BK 
945 |d 19980710 00:00:00  |a aalvarez 
260 |a Barcelona  |b Paidotribo  |c 1997 
650 7 |a GIMNASIA  |2 CL-VaPUC  |9 307275 
650 7 |a JUEGO  |2 CL-VaPUC  |9 311404 
650 0 |a Educación física  |9 240893 
650 0 |a Ejercicios físicos  |9 307296 
650 7 |a POSTURA CORPORAL  |2 CL-VaPUC  |9 307409 
650 0 |a Equilibrio  |9 362780 
650 7 |a SALTOS  |2 CL-VaPUC  |9 334248 
650 0 |a Respiración   |9 343794 
650 0 |a Relajación  |9 309705 
650 0 |a Voz  |9 318102 
650 0 |a Actividades de tiempo libre   |9 334349 
583 |a last modification  |c 19980710 00:00:00  |k Rodrigo Vera 
490 0 |a Colección Deporte 
999 |c 272388  |d 272386 
952 |0 0  |1 0  |4 0  |6 796_410000000000000_MAT_1997  |7 0  |8 A  |9 307301  |a BIBEDU  |b BIBEDU  |d 2019-11-20  |h v.1  |i 3439747  |o 796.41 MAT 1997  |p 3439747  |r 2019-11-20  |w 2019-11-20  |y BK  |k BME 
952 |0 0  |1 0  |4 0  |6 796_410000000000000_MAT_1997  |7 0  |8 A  |9 307302  |a BIBEDU  |b BIBEDU  |d 2019-11-20  |h v.2  |i 3439755  |o 796.41 MAT 1997  |p 3439755  |r 2019-11-20  |w 2019-11-20  |y BK  |k BME